[Event "FRA-chT3"]
[Site "France"]
[Date "2011.11.13"]
[Round "2"]
[White "Genin, Adeline"]
[Black "Pohier, Manon"]
[Result "1-0"]
[WhiteElo "1050"]
[BlackElo "1130"]
[PlyCount "117"]
[EventDate "2012.01.20"]
[EventType "team-match"]
[EventRounds "9"]
[EventCountry "FRA"]
[SourceTitle "EXT 2014"]
[Source "ChessBase"]
[SourceDate "2013.11.20"]
[SourceVersion "1"]
[SourceVersionDate "2013.11.20"]
[SourceQuality "1"]

1. e4 e5 2. Nf3 Nc6 3. Nc3 Bc5 4. Bc4 Nf6 5. d3 Bd4 6. Bd5 d6 7. 0-0 0-0 8. Bg5 h6 9. Bd2 Qd7 10. h3 b6 11. Rb1 Re8 12. Nb5 Bb7 13. c3 Nxd5 14. exd5 Nd8 15. Nbxd4 exd4 16. Qb3 c6 17. Nxd4 cxd5 18. Rfe1 Re5 19. Bf4 Re7 20. Qb4 a5 21. Qxd6 Qxd6 22. Bxd6 Rd7 23. Nf5 Ne6 24. c4 Re8 25. Re5 Kh8 26. cxd5 g6 27. dxe6 Rxe6 28. Be7 gxf5 29. Rxe6 fxe6 30. Bf6+ Kg8 31. d4 Be4 32. Re1 Rd5 33. Rc1 Kf7 34. Be5 b5 35. Rc7+ Kg6 36. Re7 b4 37. Rxe6+ Kg5 38. Bg7 f4 39. Rxe4 h5 40. Re6 a4 41. Ra6 a3 42. bxa3 bxa3 43. Rxa3 h4 44. Ra7 Kf5 45. Rf7+ Ke4 46. Be5 Rxd4 47. Bxd4 Kxd4 48. Rxf4+ Kd3 49. Ra4 Kc2 50. f4 Kb2 51. f5 Kc3 52. f6 Kd3 53. f7 Ke3 54. f8Q Kd3 55. Ra3+ Kc2 56. Qf2+ Kb1 57. Ra8 Ka1 58. Re8 Kb1 59. Re1# 1-0